000 00626nam a22001817a 4500
003 UA-OsUOA
001 7749
007 ta
008 20040629b un ||||| |||| 00| 0 ukr d
100 _aНеліна Т.
942 _cSA
040 _aUA-OsUOA
_cUA-OsUOA
_dUA-OsUOA
245 _aІнтерв'ю з Василем Слапчуком
_cТ. Неліна; В. Слапчук
300 _aС.73-76
955 _a0
773 0 _w0
_tДивослово (українська мова й література в навчальних закладах)
_dКиїв
_d2004
_g№6
650 7 _aЛітературознавство
_2UDC
999 _c293910
_d293910